000 00394nam a2200169Ia 4500
008 210210b1955 xxu||||| |||| 00| 0 eng d
041 _aeng
082 _a580/217
100 _aRAJE (Y B)
245 _aIntroduction to botany
260 _aPoona
_bContinental Publishing House
_c1955
650 _ato
650 _aIntroduction
650 _abotany
690 _aBotany
906 _a010474
999 _c138242
_d138242